000 00913nam a2200301Ia 4500
001 dia_6025
003 CHAP
005 20230323101717.0
008 220117s2010 xx 000 0 und d
010 _a177212
020 _a978-0-8493-7499-9
040 _cCHAP
082 _a574.192 A38 2010
245 _aAdvances in food biochemistry /
_c edición Fatih Yildiz
260 _aEstados Unidos de América :
_b CRC Press,
_c2010
300 _axiv, 507 p .
504 _aIncluye bibliografías
590 _aTP248.65F66 A38 2010
650 _aAlimentos
_xBioquímica
_94173
650 _aComposición alimentaria
_9151679
650 _aFood composition
_9151680
650 _aFoods
_xBiochemistry
_9160485
700 _aYildiz, Fatih, ed.
_9160486
901 _a574.192 A38 2010
902 _aM
905 _a5232272010 -usnm 8222123322eng16
942 _cLIBRO
_2ddc
999 _c177212
_d177212